[Event "World Open"]
[Site "Philadelphia, PA USA"]
[Date "1993.??.??"]
[Round "8"]
[White "Yedidia, Jonathan"]
[Black "Costigan, Richard"]
[Result "1/2-1/2"]
[WhiteElo "2365"]
[BlackElo "2295"]
[PlyCount "114"]
[EventDate "1993.??.??"]
[Source "www.chesslib.no"]
[SourceDate "2004.05.04"]

1. e4 e5 2. f4 d5 3. exd5 c6 4. Nc3 exf4 5. Nf3 Bd6 6. Bc4 cxd5 7. Bxd5 Ne7 8. Bb3 O-O 9. d4 Bg4 10. O-O Nbc6 11. Ne4 Ng6 12. c3 Nh4 13. Nxd6 Qxd6 14. Qd2 Bxf3 15. gxf3 g5 16. Qf2 Rae8 17. Kh1 h6 18. Rg1 Kh8 19. Bd2 Na5 20. c4 Nxb3 21. axb3 Qg6 22. Bxf4 Qd3 23. Rgd1 Qxb3 24. Bd6 Rg8 25. Qf1 Qc2 26. Be5+ Kh7 27. Rxa7 f6 28. Rxb7+ Rg7 29. Rxg7+ Kxg7 30. Bg3 Re2 31. Re1 Rxe1 32. Bxe1 Qd1 33. c5 Nxf3 34. c6 Nxd4 35. c7 Qc1 36. c8=Q Qxc8 37. Bc3 Qc6+ 38. Qg2 Nf3 39. h4 Qe4 40. Qf2 Nxh4+ 41. Kg1 Nf3+ 42. Kf1 g4 43. Qb6 Qf4 44. Ke2 Ne5 45. Qe3 Qxe3+ 46. Kxe3 Kf7 47. Be1 Ke6 48. b4 h5 49. b5 Kd5 50. Bg3 Kc5 51. Ke4 Kxb5 52. Kf5 Nf3 53. Bb8 Kc4 54. Kxf6 h4 55. Kf5 g3 56. Ke4 g2 57. Ba7 Ng5+ 1/2-1/2

[Event "New York op"]
[Site "New York"]
[Date "1990.??.??"]
[Round "8"]
[White "Popovych, Orest"]
[Black "Valvo, Michael J"]
[Result "1-0"]
[WhiteElo "2275"]
[BlackElo "2385"]
[PlyCount "65"]
[EventDate "1990.04.??"]
[Source "ChessBase"]

1. e4 e5 2. f4 d5 3. exd5 c6 4. Nc3 exf4 5. Nf3 Bd6 6. Bc4 Ne7 7. dxc6 Nbxc6 8. Ne4 O-O 9. d4 Bc7 10. O-O Nd5 11. c3 f6 12. Qb3 Nce7 13. Bd2 Kh8 14. Rae1 Rb8 15. Bxd5 Nxd5 16. c4 Ne7 17. Bb4 Re8 18. d5 Nf5 19. d6 Bb6+ 20. c5 Ne3 21. cxb6 a5 22. d7 Qxd7 23. Nd6 Re6 24. Nxc8 axb4 25. Na7 Rxb6 26. Rf2 Ra6 27. Rd2 Qe8 28. Qxb4 Ra4 29. Qb6 Ra8 30. Qc7 f5 31. Rd7 Qe4 32. Nb5 Rxa2 33. Nc3 1-0

[Event "Bor"]
[Site "Bor"]
[Date "1983.??.??"]
[Round "4"]
[White "Arnason, Jon L"]
[Black "Pavlovic, Branislav"]
[Result "1-0"]
[WhiteElo "2460"]
[BlackElo "2200"]
[PlyCount "31"]
[EventDate "1983.10.??"]
[Source "ChessBase"]

1. e4 e5 2. f4 exf4 3. Nf3 d5 4. exd5 Qxd5 5. Nc3 Qd8 6. d4 Bd6 7. Bc4 Nf6 8. Qe2+ Be7 9. Bxf4 O-O 10. O-O-O c6 11. d5 cxd5 12. Nxd5 Nxd5 13. Rxd5 Nd7 14. Bb5 Bf6 15. Rhd1 Re8 16. Qd2 1-0

[Event "Hania Open"]
[Site "Hania"]
[Date "1994.??.??"]
[Round "8"]
[White "Lyell, Mark"]
[Black "Pandavos, Panayotis"]
[Result "0-1"]
[WhiteElo "2250"]
[BlackElo "2380"]
[PlyCount "132"]
[EventDate "1994.08.??"]
[Source "www.chesslib.no"]
[SourceDate "2004.05.04"]

1. e4 e5 2. f4 d5 3. exd5 c6 4. Nc3 exf4 5. Nf3 Bd6 6. Bc4 Ne7 7. dxc6 Nbxc6 8. d4 O-O 9. O-O Bg4 10. Ne4 Bc7 11. c3 Ng6 12. b3 Nh4 13. Bb2 Ne7 14. Qd3 Bxf3 15. gxf3 Nef5 16. Rf2 Re8 17. b4 Nd6 18. Nxd6 Bxd6 19. Qf1 Re3 20. Kh1 Qd7 21. Rd1 a6 22. Bd3 Rae8 23. Bc1 Qc6 24. Bxe3 fxe3 25. Rc2 Qxf3+ 26. Qxf3 Nxf3 27. Rf1 Nd2 28. Re1 Nf3 29. Ree2 g6 30. h3 b5 31. a4 Ng5 32. Kg2 f5 33. h4 Nf7 34. axb5 axb5 35. Bxb5 Re4 36. h5 Kg7 37. hxg6 hxg6 38. Bc6 Rh4 39. Kg1 f4 40. Rg2 Kf6 41. Kf1 Ng5 42. Ke2 Rh3 43. Rc1 Ne6 44. Bf3 Rh7 45. b5 Rc7 46. b6 Nxd4+ 47. Kd3 Nxf3 48. bxc7 Bxc7 49. Ra1 Kf5 50. Rb2 Ne5+ 51. Kd4 g5 52. Rb7 Nf3+ 53. Kd3 Ne5+ 54. Kd4 Bd6 55. Rb6 Bc5+ 56. Kxc5 Nd7+ 57. Kd4 Nxb6 58. c4 Nxc4 59. Kxc4 Ke4 60. Ra8 g4 61. Re8+ Kf3 62. Kd3 g3 63. Ra8 g2 64. Ra1 Kf2 65. Ra2+ Kg3 66. Ra1 Kh2 0-1

[Event "NRW-Liga I 9495"]
[Site "GER"]
[Date "1995.??.??"]
[Round "?"]
[White "Stilliger, Bernhard"]
[Black "Vogelmann, Peter"]
[Result "0-1"]
[WhiteElo "2310"]
[BlackElo "2310"]
[PlyCount "64"]
[EventDate "1994.??.??"]
[Source "www.chesslib.no"]
[SourceDate "2004.05.04"]

1. e4 e5 2. f4 d5 3. exd5 c6 4. Nc3 exf4 5. Nf3 Bd6 6. d4 Ne7 7. Bc4 cxd5 8. Bxd5 Nbc6 9. Bb3 O-O 10. O-O Bg4 11. Ne4 Bc7 12. c3 h6 13. Qd3 Na5 14. Bc2 Ng6 15. Bd2 Re8 16. Rae1 Qd5 17. b4 Nc4 18. a4 Nb2 19. Qb5 Qxb5 20. axb5 Bd7 21. Nc5 Bxb5 22. Rxe8+ Rxe8 23. Ra1 Nc4 24. Ba4 Bxa4 25. Rxa4 b6 26. Nb3 Bb8 27. b5 Rc8 28. Kf2 Nd6 29. Rb4 Ne4+ 30. Ke2 Bd6 31. Ra4 Rxc3 32. Nc1 Rxc1 0-1

[Event "Werfen Open"]
[Site "Werfen"]
[Date "1992.??.??"]
[Round "7"]
[White "Gouret, Thierry"]
[Black "Mandl, Robert"]
[Result "0-1"]
[WhiteElo "2215"]
[BlackElo "2405"]
[PlyCount "56"]
[EventDate "1992.??.??"]
[Source "www.chesslib.no"]
[SourceDate "2004.05.04"]

1. e4 e5 2. f4 d5 3. exd5 c6 4. Nc3 exf4 5. Nf3 Bd6 6. d4 Ne7 7. Bd3 Bg4 8. O-O cxd5 9. Ne2 Ng6 10. Bxg6 hxg6 11. Bxf4 O-O 12. Qd2 Nc6 13. c3 Na5 14. Bxd6 Qxd6 15. Qf4 Qxf4 16. Nxf4 Rfd8 17. Rae1 Bxf3 18. Rxf3 Nc6 19. h4 b5 20. Rg3 Rd6 21. Rg5 Rad8 22. Re3 Kf8 23. Reg3 Ne7 24. h5 Rf6 25. R3g4 gxh5 26. Nxh5 Rg6 27. Nxg7 Kxg7 28. Rxg6+ fxg6 0-1

[Event "Hafnarfjordur"]
[Site "Hafnarfjordur"]
[Date "1997.??.??"]
[Round "8"]
[White "Westerinen, Heikki MJ"]
[Black "Edvardsson, Kristjan"]
[Result "1-0"]
[WhiteElo "2410"]
[BlackElo "2210"]
[PlyCount "75"]
[EventDate "1997.12.13"]
[Source "ChessBase"]
[SourceDate "1998.03.09"]

1. e4 e5 2. f4 d5 3. exd5 c6 4. Nc3 exf4 5. Nf3 Bd6 6. Bc4 Ne7 7. dxc6 Nbxc6 8. d4 O-O 9. Ne4 Bc7 10. c3 Ng6 11. O-O Bg4 12. Nf2 Bf5 13. Bd3 Nce7 14. Qb3 b6 15. Bd2 Qd7 16. Rae1 Rac8 17. Bb5 Qd8 18. Nd3 Nd5 19. Nde5 a5 20. Ba6 Be6 21. Bxc8 Qxc8 22. Nxg6 hxg6 23. Ng5 Qd8 24. Nxe6 fxe6 25. Rxe6 f3 26. Rxf3 Rxf3 27. gxf3 Qd7 28. Rxg6 a4 29. Qc4 Kh7 30. Qd3 Kh8 31. Rg4 Nf6 32. Rh4+ Kg8 33. Qc4+ Kf8 34. Bg5 b5 35. Rh8+ Ke7 36. Qe2+ Kf7 37. Bxf6 Kxf6 38. Rf8+ 1-0

[Event "Aragon-ch"]
[Site "?"]
[Date "2002.??.??"]
[Round "4"]
[White "Baron Rodriguez Jesus"]
[Black "Ramiro Ovejero Juan Luis"]
[Result "1-0"]
[WhiteElo "2399"]
[BlackElo "2206"]
[PlyCount "37"]
[EventDate "2002.??.??"]
[Source "www.chesslib.no"]
[SourceDate "2004.05.04"]

1. e4 e5 2. f4 exf4 3. Nf3 d5 4. exd5 Qxd5 5. Nc3 Qd6 6. d4 Nf6 7. Bc4 Be7 8. Ne5 O-O 9. Bxf4 Qb6 10. Qd3 Nc6 11. O-O-O Na5 12. g4 Nxg4 13. Nd5 Nxe5 14. Nxe7+ Kh8 15. Bxe5 Nxc4 16. Qxc4 Be6 17. Qxc7 Qa6 18. Bxg7+ Kxg7 19. Qg3+ 1-0

[Event "Gausdal Classics IM-B"]
[Site "Gausdal"]
[Date "2001.04.18"]
[Round "4"]
[White "Westerinen, Heikki MJ"]
[Black "Adnoy, Hallvard V"]
[Result "1-0"]
[WhiteElo "2412"]
[BlackElo "2185"]
[PlyCount "79"]
[EventDate "2001.04.15"]
[Source "ChessBase"]
[SourceDate "2001.07.03"]

1. e4 e5 2. f4 d5 3. exd5 c6 4. Nc3 exf4 5. Nf3 Bd6 6. Bc4 Ne7 7. d4 cxd5 8. Bxd5 Nxd5 9. Nxd5 Qa5+ 10. Nc3 O-O 11. O-O Bg4 12. Qd3 Nc6 13. Qb5 Qd8 14. Ne2 Qf6 15. c3 Rae8 16. Kh1 Re7 17. Neg1 Bf5 18. Bd2 a6 19. Qd5 Rd7 20. Rae1 h6 21. Bc1 Be6 22. Qe4 Bf5 23. Qe2 g5 24. d5 Ne7 25. c4 Ng6 26. Qd1 Bb4 27. Re2 b5 28. b3 Bc3 29. Nd2 Bd4 30. Ne4 Qb6 31. Nf3 Bg7 32. c5 Qd8 33. d6 Qa8 34. Rfe1 b4 35. h3 Qc6 36. Nd4 Bxd4 37. Qxd4 Bxe4 38. Rxe4 Nh4 39. Qf6 Qxc5 40. Bb2 1-0

[Event "EU-ch U18"]
[Site "Litohoto"]
[Date "1999.09.09"]
[Round "7"]
[White "Pridorozhni, Aleksei"]
[Black "Berkvens, Joost"]
[Result "0-1"]
[WhiteElo "2325"]
[BlackElo "2268"]
[PlyCount "56"]
[EventDate "1999.09.03"]
[Source "ChessBase"]
[SourceDate "1999.11.18"]

1. e4 e5 2. f4 d5 3. exd5 c6 4. Nc3 exf4 5. Nf3 Bd6 6. d4 Ne7 7. dxc6 Nbxc6 8. Bc4 O-O 9. O-O Bg4 10. Ne4 Bc7 11. c3 Ng6 12. Bd2 h6 13. Qc2 Nce7 14. Rae1 Nf5 15. Nc5 b6 16. Na6 Bd6 17. Bd5 Rc8 18. Bb7 Bxf3 19. Bxc8 Qxc8 20. gxf3 Ne3 21. Qd3 Qh3 22. Qe2 Nh4 23. Rf2 Re8 24. Nb4 Re6 25. d5 Re5 26. Nc6 Ng4 27. Nxe5 Bc5 28. Qf1 Qxh2# 0-1

[Event "It (open)"]
[Site "Davos (Switzerland)"]
[Date "2007.08.10"]
[Round "5"]
[White "Tiller Bjorn (NOR)"]
[Black "Rumpf Thomas (GER)"]
[Result "1-0"]
[WhiteElo "2382"]
[BlackElo "2210"]
[PlyCount "69"]
[EventDate "2007.??.??"]
[Source "www.chesslib.no"]
[SourceDate "2004.05.04"]

1. e4 e5 2. f4 d5 3. exd5 c6 4. Nc3 exf4 5. Nf3 Bd6 6. d4 Ne7 7. Bc4 cxd5 8. Bxd5 Nxd5 9. Nxd5 Qa5+ 10. Nc3 O-O 11. O-O Bg4 12. Qd3 Bf5 13. Qb5 Nc6 14. Qxa5 Nxa5 15. Nb5 Bb8 16. Na3 Bd6 17. Nh4 Be4 18. Bxf4 Bxa3 19. bxa3 Bxc2 20. Bc7 Nc4 21. Rac1 Rac8 22. Rxc2 Rxc7 23. a4 Rd8 24. Rfc1 Rxd4 25. Nf3 Rf4 26. Nd2 Nxd2 27. Rxc7 g6 28. R7c2 Rd4 29. Kh1 Rd6 30. Rd1 Ne4 31. Rxd6 Nxd6 32. Rc7 a5 33. Rd7 Nc4 34. Rxb7 Kg7 35. Rb5 1-0

[Event "FRA Team Ch"]
[Site "France"]
[Date "1990.??.??"]
[Round "?"]
[White "Boulard, Eric"]
[Black "Guigonis, Dominique"]
[Result "0-1"]
[WhiteElo "2255"]
[BlackElo "2335"]
[PlyCount "98"]
[EventDate "1990.??.??"]
[Source "www.chesslib.no"]
[SourceDate "2004.05.04"]

1. e4 e5 2. f4 exf4 3. Nf3 d5 4. exd5 Bd6 5. Bc4 Ne7 6. d4 O-O 7. O-O b5 8. Bxb5 Nxd5 9. Na3 Bxa3 10. bxa3 Nc3 11. Qd3 Nxb5 12. Qxb5 Ba6 13. Qf5 Bxf1 14. Kxf1 Nc6 15. c3 Ne7 16. Qxf4 Nd5 17. Qd2 Nb6 18. Qd3 Qd5 19. Bf4 c6 20. Kg1 f6 21. Nd2 c5 22. Be3 cxd4 23. Bxd4 Rac8 24. Ne4 Rfe8 25. Ng3 Re6 26. Rf1 Rce8 27. Nf5 Re1 28. Nh6+ Kh8 29. Ng4 Qc4 30. Qf5 Qe2 31. h3 Rxf1+ 32. Qxf1 Qxf1+ 33. Kxf1 Nc4 34. a4 a6 35. Nf2 Nd2+ 36. Kg1 Re1+ 37. Kh2 Nf1+ 38. Kg1 Ne3+ 39. Kh2 Re2 40. Kg3 Nf5+ 41. Kf3 Rxa2 42. Nd3 Rxa4 43. Ke4 Ne7 44. Nb2 Ra2 45. c4 a5 46. Kd3 a4 47. Kc3 Nc6 48. Bc5 a3 49. Nd3 Ra1 0-1

[Event "Philadelphia"]
[Site "Philadelphia, PA USA"]
[Date "1989.??.??"]
[Round "6"]
[White "Popovych, Orest"]
[Black "Shahade, Michael"]
[Result "1-0"]
[WhiteElo "2270"]
[BlackElo "2315"]
[PlyCount "93"]
[EventDate "1989.??.??"]
[Source "www.chesslib.no"]
[SourceDate "2004.05.04"]

1. e4 e5 2. f4 d5 3. exd5 c6 4. Nc3 exf4 5. Nf3 Bd6 6. d4 Ne7 7. dxc6 Nbxc6 8. Bc4 O-O 9. O-O Ng6 10. Ne4 Bf5 11. Nxd6 Qxd6 12. c3 a6 13. Bd3 Bxd3 14. Qxd3 Rfe8 15. Bd2 b5 16. a4 b4 17. Rae1 Red8 18. Qf5 Nce7 19. Qh5 bxc3 20. bxc3 Qd5 21. Qxd5 Nxd5 22. c4 Nb6 23. Ba5 Rdb8 24. Bxb6 Rxb6 25. c5 Rc6 26. Ne5 Nxe5 27. Rxe5 Kf8 28. Rxf4 Rb8 29. Rfe4 Rd8 30. Kf2 f6 31. Rh5 h6 32. Ke3 Rb8 33. Rd5 Rb3+ 34. Kf4 Rb2 35. Rd8+ Kf7 36. Rd7+ Kf8 37. Kf3 Rb4 38. h4 h5 39. Rd5 a5 40. Rxh5 Rxa4 41. Rh8+ Kf7 42. h5 Ra3+ 43. Kf4 Re6 44. Rf8+ Ke7 45. Ra8 Rxe4+ 46. Kxe4 Ra4 47. Kd5 1-0

[Event "Melbourne Masters"]
[Site "Melbourne"]
[Date "1991.??.??"]
[Round "3"]
[White "Depasquale, Chris"]
[Black "Levi, Eddy"]
[Result "1-0"]
[WhiteElo "2280"]
[BlackElo "2300"]
[PlyCount "51"]
[EventDate "1991.??.??"]
[Source "ChessBase"]

1. f4 e5 2. e4 d5 3. exd5 c6 4. Nc3 exf4 5. Nf3 Bd6 6. d4 Ne7 7. Bd3 O-O 8. dxc6 Nbxc6 9. Ne4 Nb4 10. Nxd6 Nxd3+ 11. Qxd3 Qxd6 12. O-O Bf5 13. Qd2 Nd5 14. Qf2 Rac8 15. c3 Rfe8 16. Ne1 g5 17. h4 h6 18. g3 Ne3 19. Bxe3 Rxe3 20. gxf4 gxf4 21. Ng2 Qg6 22. h5 Qxh5 23. Nxe3 Rc6 24. Qxf4 Qg6+ 25. Kf2 Rf6 26. Nd5 1-0

[Event "Oberliga Ost-C 9596"]
[Site "GER"]
[Date "1996.??.??"]
[Round "?"]
[White "Lutz, Klaus-Juergen"]
[Black "Linker, Torsten"]
[Result "1-0"]
[WhiteElo "2295"]
[BlackElo "2275"]
[PlyCount "65"]
[EventDate "1995.10.??"]
[Source "www.chesslib.no"]
[SourceDate "2004.05.04"]

1. e4 e5 2. f4 d5 3. exd5 exf4 4. Nf3 Bd6 5. Nc3 c6 6. Bc4 Ne7 7. dxc6 Nbxc6 8. d4 O-O 9. O-O Bg4 10. Ne2 Qc7 11. Bb3 Nf5 12. c3 Rae8 13. Qd3 Nh4 14. Rf2 Bf5 15. Qd1 Nxf3+ 16. Rxf3 Bg4 17. Rf2 Rxe2 18. Rxe2 f3 19. gxf3 Bxf3 20. Qf1 Bxe2 21. Qxe2 Ne7 22. Bd2 Ng6 23. Rf1 Kh8 24. Qh5 Qd7 25. Rf3 Ne5 26. dxe5 g6 27. Qh3 Bc5+ 28. Be3 Qe7 29. Qg3 Rd8 30. Rxf7 Bxe3+ 31. Qxe3 Qh4 32. e6 Qg4+ 33. Qg3 1-0

[Event "SVK Team Ch"]
[Site "Slovakia"]
[Date "1994.??.??"]
[Round "11"]
[White "Habinak, Tomas"]
[Black "Martiska, Peter"]
[Result "1/2-1/2"]
[WhiteElo "2350"]
[BlackElo "2215"]
[PlyCount "31"]
[EventDate "1994.??.??"]
[Source "www.chesslib.no"]
[SourceDate "2004.05.04"]

1. e4 e5 2. f4 d5 3. exd5 c6 4. Nf3 exf4 5. dxc6 Nxc6 6. Bb5 Bd6 7. Nc3 Nge7 8. d4 O-O 9. O-O Bg4 10. Ne4 Bc7 11. c3 Ng6 12. Nf2 Bh5 13. Nh3 Qf6 14. Qc2 Rad8 15. Nfg5 Bg4 16. Bd3 1/2-1/2

[Event "Gausdal Int"]
[Site "Gausdal"]
[Date "1982.??.??"]
[Round "5"]
[White "Popovych, Orest"]
[Black "Ofstad, Per"]
[Result "1/2-1/2"]
[WhiteElo "2305"]
[BlackElo "2250"]
[PlyCount "102"]
[EventDate "1982.08.??"]
[Source "ChessBase"]

1. e4 e5 2. f4 exf4 3. Nf3 d5 4. exd5 Bd6 5. d4 Nf6 6. c4 c5 7. dxc5 Bxc5 8. Qe2+ Kf8 9. Bxf4 Bf5 10. Be3 Na6 11. Nc3 Qa5 12. Bxc5+ Nxc5 13. Qd1 Re8+ 14. Kf2 Qb6 15. Qd4 Qxb2+ 16. Ne2 Qa3 17. Ng3 Nfe4+ 18. Kg1 Nxg3 19. hxg3 Re4 20. Qf2 Qe3 21. Rh4 Qxf2+ 22. Kxf2 Ke7 23. Re1 Rxe1 24. Kxe1 Kd6 25. Nd4 Bd7 26. Kd2 f6 27. Bd3 h6 28. Bf5 g5 29. Rh1 Ke5 30. Ne6 Bxe6 31. Bxe6 Kd6 32. Bg4 Ne4+ 33. Ke3 f5 34. Rc1 Re8 35. Bh5 Re7 36. Kd4 b6 37. g4 f4 38. Re1 Nf6 39. Rxe7 Kxe7 40. Ke5 Nd7+ 41. Kf5 a5 42. Kg6 Ne5+ 43. Kxh6 Kf6 44. d6 a4 45. Be8 Nxg4+ 46. Kh5 Ne3 47. Bxa4 Nxg2 48. Bc6 Ne3 49. d7 Ke7 50. Kxg5 f3 51. Bxf3 Nxc4 1/2-1/2

[Event "tt"]
[Site "tt"]
[Date "1993.??.??"]
[Round "?"]
[White "De Jager, Jaap"]
[Black "Van de Oudeweetering, Arthur"]
[Result "1-0"]
[WhiteElo "2215"]
[BlackElo "2335"]
[PlyCount "41"]
[EventDate "1993.??.??"]
[Source "www.chesslib.no"]
[SourceDate "2004.05.04"]

1. e4 e5 2. f4 d5 3. exd5 c6 4. Nc3 exf4 5. Nf3 Bd6 6. Bc4 Ne7 7. dxc6 Nbxc6 8. d4 Bf5 9. O-O O-O 10. Nh4 g5 11. Nxf5 Nxf5 12. Ne4 Bc7 13. c3 Nd6 14. Nxg5 Qxg5 15. Bxf4 Qg7 16. Rf3 Ne7 17. Be5 Qxe5 18. dxe5 Nxc4 19. Rh3 Ng6 20. Qh5 Rfe8 21. Qxh7+ 1-0

[Event "NED Team Ch"]
[Site "NED"]
[Date "1993.??.??"]
[Round "3"]
[White "De Jager, Jaap"]
[Black "Van de Oudeweetering, Arthur"]
[Result "1-0"]
[WhiteElo "2215"]
[BlackElo "2335"]
[PlyCount "91"]
[EventDate "1993.??.??"]
[Source "www.chesslib.no"]
[SourceDate "2004.05.04"]

1. e4 e5 2. f4 d5 3. exd5 c6 4. Nc3 exf4 5. Nf3 Bd6 6. d4 Ne7 7. Bc4 O-O 8. O-O Bg4 9. dxc6 Nbxc6 10. Ne4 Rc8 11. Bb3 Bb8 12. c3 Nd5 13. Nc5 Ne3 14. Bxe3 fxe3 15. Qe1 Qe7 16. Qh4 Qxh4 17. Nxh4 Ne5 18. h3 g5 19. Nf5 e2 20. Ne7+ Kg7 21. Rfe1 Bh5 22. Nxc8 Rxc8 23. dxe5 Rxc5 24. g4 Bg6 25. Rxe2 Bxe5 26. Rd1 b5 27. Rd5 Rxd5 28. Bxd5 f6 29. Be4 Bf7 30. Rd2 Be6 31. Kg2 a5 32. a3 Bf4 33. Rd1 h5 34. Bf5 Bf7 35. gxh5 Bxh5 36. Rd7+ Kf8 37. Rd5 Be8 38. Bd7 Bg6 39. Rxb5 Be4+ 40. Kf2 Ke7 41. Bf5 Bc6 42. Rxa5 Bc7 43. Ra7 Kd8 44. Rxc7 Kxc7 45. Ke3 Bd7 46. Bxd7 1-0

[Event "Kuopio We KSY"]
[Site "Kuopio"]
[Date "1998.??.??"]
[Round "1"]
[White "Westerinen, Heikki MJ"]
[Black "Houtsonen, Pedri"]
[Result "1-0"]
[WhiteElo "2410"]
[BlackElo "2130"]
[PlyCount "83"]
[EventDate "1998.??.??"]
[Source "www.chesslib.no"]
[SourceDate "2004.05.04"]

1. e4 e5 2. f4 d5 3. exd5 c6 4. Nc3 exf4 5. Nf3 Bd6 6. d4 Ne7 7. dxc6 bxc6 8. Bc4 O-O 9. O-O Bg4 10. Ne4 Bc7 11. c3 Nd7 12. Nf2 Bh5 13. Nh3 Ng6 14. Qd3 Qf6 15. Bd2 h6 16. Nf2 Nh4 17. Nxh4 Qxh4 18. Qh3 Qxh3 19. Nxh3 g5 20. Rae1 Rae8 21. Nf2 Nf6 22. Bd3 Ng4 23. Bf5 Nxf2 24. Kxf2 f6 25. Bd7 Rb8 26. Bc1 Be8 27. Bf5 Bd6 28. Re6 Bd7 29. Rxd6 Bxf5 30. Re1 Rb6 31. b4 Kf7 32. a4 Rc8 33. a5 Rb7 34. Ba3 Rd7 35. Rxd7+ Bxd7 36. b5 Re8 37. b6 axb6 38. axb6 Rxe1 39. Kxe1 Bc8 40. c4 Ke6 41. Bf8 h5 42. Kd2 1-0

[Event "Bunratty Masters"]
[Site "Bunratty"]
[Date "1999.02.19"]
[Round "3"]
[White "Joyce, John"]
[Black "Brady, Stephen"]
[Result "0-1"]
[WhiteElo "2195"]
[BlackElo "2320"]
[PlyCount "55"]
[EventDate "1999.02.??"]
[Source "www.chesslib.no"]
[SourceDate "2004.05.04"]

1. f4 e5 2. e4 d5 3. exd5 c6 4. Nc3 exf4 5. Nf3 Bd6 6. Bc4 Ne7 7. dxc6 Nbxc6 8. d4 O-O 9. O-O Bg4 10. Ne2 Bxf3 11. Rxf3 g5 12. Qd3 Ng6 13. Bd2 Qc7 14. Raf1 Nce5 15. dxe5 Nxe5 16. Qf5 Qc5+ 17. Kh1 Nxc4 18. Qxc5 Bxc5 19. Rd3 Rad8 20. Bc1 Ne5 21. Rb3 Bb6 22. g3 f3 23. Nc3 g4 24. Na4 Nd7 25. Nxb6 Nxb6 26. Be3 Rfe8 27. Bxb6 axb6 28. Rb5 0-1

[Event "FRA-chT3"]
[Site "?"]
[Date "2001.03.31"]
[Round "8.1"]
[White "Blondelle Claude"]
[Black "Verat Laurent"]
[Result "0-1"]
[WhiteElo "2194"]
[BlackElo "2317"]
[PlyCount "94"]
[EventDate "2001.??.??"]
[Source "www.chesslib.no"]
[SourceDate "2004.05.04"]

1. e4 e5 2. f4 d5 3. exd5 c6 4. Nc3 exf4 5. Nf3 Bd6 6. d4 Ne7 7. dxc6 Nbxc6 8. Bc4 O-O 9. O-O Bg4 10. Ne4 Rc8 11. c3 Bxf3 12. gxf3 Bb8 13. Bb3 Nf5 14. Rf2 Kh8 15. Rg2 Nh4 16. Rf2 b6 17. Qd3 f5 18. Nd2 Qg5+ 19. Kh1 Rce8 20. Nf1 Qd8 21. Ba4 Rf6 22. Bd2 Re7 23. Bxc6 Rxc6 24. Re1 Rce6 25. Rxe6 Rxe6 26. Re2 Qe8 27. Rxe6 Qxe6 28. c4 Qg6 29. Qe2 Qh5 30. Bb4 Qxf3+ 31. Qxf3 Nxf3 32. d5 Kg8 33. Kg2 Ne5 34. b3 Kf7 35. Bc3 g5 36. h3 h5 37. Nd2 g4 38. hxg4 fxg4 39. b4 f3+ 40. Kf1 Nd3 41. a3 h4 42. Kg1 h3 43. Bd4 Bf4 44. c5 bxc5 45. bxc5 Bxd2 46. c6 Bf4 47. Bxa7 h2+ 0-1

[Event "Gambito de Rey Aceptado"]
[Site "?"]
[Date "1995.??.??"]
[Round "?"]
[White "Zapata, Marco"]
[Black "Sepulveda, Job"]
[Result "1-0"]
[WhiteElo "2235"]
[BlackElo "2270"]
[PlyCount "61"]
[EventDate "1995.??.??"]
[Source "www.chesslib.no"]
[SourceDate "2004.05.04"]

1. e4 e5 2. f4 exf4 3. Nf3 Nf6 4. Nc3 d5 5. exd5 Nxd5 6. Nxd5 Qxd5 7. d4 Bd6 8. c4 Qe4+ 9. Kf2 O-O 10. c5 Be7 11. Bd3 Qd5 12. Re1 Bf6 13. Be4 Qd8 14. Bxf4 Na6 15. a3 c6 16. Qd3 g6 17. Rad1 Nc7 18. Bd6 Re8 19. Bxc7 Qxc7 20. Bxg6 Rxe1 21. Bxh7+ Kg7 22. Rxe1 Bg4 23. Ne5 Re8 24. Bf5 Bxe5 25. Rxe5 Rxe5 26. dxe5 Bxf5 27. Qxf5 Qa5 28. Qg4+ Kf8 29. Qd4 b6 30. cxb6 axb6 31. Qb4+ 1-0

[Event "NOR Ch"]
[Site "Norway"]
[Date "1994.??.??"]
[Round "7"]
[White "Elsness, Frode"]
[Black "Gabrielsen, Trond"]
[Result "1/2-1/2"]
[WhiteElo "2280"]
[BlackElo "2220"]
[PlyCount "58"]
[EventDate "1994.??.??"]
[Source "www.chesslib.no"]
[SourceDate "2004.05.04"]

1. f4 e5 2. e4 d5 3. exd5 c6 4. Nc3 exf4 5. Nf3 Bd6 6. d4 Ne7 7. Bd3 O-O 8. O-O Ng6 9. Ne5 cxd5 10. Qh5 Nc6 11. Bxf4 Nxd4 12. Nxg6 hxg6 13. Qxd5 Bxf4 14. Rxf4 Ne6 15. Rf2 Qb6 16. Raf1 Nc5 17. Rxf7 Nxd3+ 18. Kh1 Be6 19. Rxf8+ Rxf8 20. Rxf8+ Kxf8 21. Qxd3 Qxb2 22. h3 Qc1+ 23. Kh2 Qf4+ 24. Kg1 Qc1+ 25. Kf2 Bf5 26. Qd8+ Kf7 27. Qd5+ Kf8 28. Qd8+ Kf7 29. Qd5+ Kf8 1/2-1/2

[Event "Wiesbaden op"]
[Site "Wiesbaden"]
[Date "1998.08.23"]
[Round "3"]
[White "Gelfenboim, Jaroslaw"]
[Black "Euler, Gerd"]
[Result "0-1"]
[WhiteElo "2115"]
[BlackElo "2385"]
[PlyCount "62"]
[EventDate "1998.??.??"]
[Source "www.chesslib.no"]
[SourceDate "2004.05.04"]

1. e4 e5 2. f4 d5 3. Nf3 exf4 4. exd5 c6 5. d4 Bd6 6. dxc6 Nxc6 7. Bc4 Nge7 8. O-O h6 9. Nc3 O-O 10. Ne4 Bc7 11. c3 Bg4 12. Nc5 b6 13. Nd3 Na5 14. Ba6 Nd5 15. b4 Nxc3 16. Qc2 Bxf3 17. Qxc3 Bb7 18. Bxb7 Nxb7 19. Bxf4 Rc8 20. Qb2 Nd6 21. Ne5 Nc4 22. Nxc4 Bxf4 23. Rxf4 Rxc4 24. Raf1 Qd6 25. Qf2 f6 26. a3 Rd8 27. Rd1 Kh8 28. Re4 Qd5 29. Qe3 Rc2 30. Rg4 Qh5 31. Qe7 Qxg4 0-1

[Event "NATO-chT"]
[Site "Viborg"]
[Date "1996.??.??"]
[Round "7"]
[White "Baudin, Frederic"]
[Black "Nielsen, R."]
[Result "1-0"]
[WhiteElo "2230"]
[BlackElo "2255"]
[PlyCount "47"]
[EventDate "1996.11.18"]
[Source "ChessBase"]

1. e4 e5 2. f4 d5 3. exd5 c6 4. Nc3 exf4 5. Nf3 Bd6 6. d4 Ne7 7. Bc4 O-O 8. dxc6 Nbxc6 9. O-O Bg4 10. Ne4 Bc7 11. c3 Nd5 12. Nc5 Rb8 13. Qe1 Re8 14. Qh4 Nf6 15. Ng5 Bh5 16. Bxf4 Bg6 17. Bxc7 Qxc7 18. Bxf7+ Bxf7 19. Rxf6 gxf6 20. Qxh7+ Kf8 21. Nge6+ Bxe6 22. Qxc7 Re7 23. Nxe6+ Rxe6 24. d5 1-0

[Event "Baden-ch"]
[Site "?"]
[Date "2002.03.31"]
[Round "3"]
[White "Schmitt Thomas"]
[Black "Rehl Danny"]
[Result "1-0"]
[WhiteElo "2232"]
[BlackElo "2248"]
[PlyCount "79"]
[EventDate "2002.??.??"]
[Source "www.chesslib.no"]
[SourceDate "2004.05.04"]

1. e4 e5 2. f4 exf4 3. Nf3 d5 4. exd5 Bd6 5. d4 Bg4 6. c4 Qe7+ 7. Kf2 Bxf3 8. Kxf3 g5 9. Qe2 Nd7 10. Qxe7+ Bxe7 11. h4 f6 12. Bd3 O-O-O 13. Nc3 h5 14. c5 Re8 15. Bd2 Nh6 16. Rae1 Kd8 17. b4 Rhg8 18. hxg5 fxg5 19. Rxh5 g4+ 20. Kxf4 g3 21. Rxe7 Ref8+ 22. Bf5 Rg4+ 23. Kf3 Nxf5 24. Rxd7+ Kxd7 25. Kxg4 Nxd4 26. Rh7+ Kd8 27. Bg5+ Kc8 28. Ne4 Nf3 29. gxf3 g2 30. Be3 Rg8+ 31. Kf5 Kd8 32. Nf6 Rf8 33. Ke6 Kc8 34. Rg7 b6 35. c6 a5 36. bxa5 g1=Q 37. Rxg1 Kb8 38. Nd7+ Ka7 39. axb6+ cxb6 40. Nxf8 1-0

[Event "GRE Ch women"]
[Site "Volos"]
[Date "1996.??.??"]
[Round "8"]
[White "Kondou, Eva"]
[Black "Makropoulou, Marina"]
[Result "0-1"]
[WhiteElo "2240"]
[BlackElo "2240"]
[PlyCount "78"]
[EventDate "1996.??.??"]
[Source "www.chesslib.no"]
[SourceDate "2004.05.04"]

1. e4 e5 2. f4 d5 3. exd5 c6 4. Nc3 exf4 5. Nf3 Bd6 6. Bc4 Ne7 7. dxc6 Nbxc6 8. d4 O-O 9. O-O Bg4 10. Ne4 Rc8 11. Nxd6 Qxd6 12. Bd3 Bxf3 13. Rxf3 Qxd4+ 14. Kh1 Ng6 15. c3 Qe5 16. Qf1 Nce7 17. Bxf4 Nxf4 18. Rxf4 Ng6 19. Rf5 Qd6 20. Re1 f6 21. Rh5 Rc5 22. Bf5 b5 23. Rd1 Qe7 24. h3 Re5 25. Qf2 Re8 26. Qd4 Nf8 27. Bg4 Rxh5 28. Bxh5 g6 29. Bf3 Kg7 30. Bc6 Rb8 31. Qf4 Rb6 32. Bf3 Re6 33. Kh2 a6 34. a3 Nd7 35. Qc7 Ne5 36. Qxe7+ Rxe7 37. Bd5 Rd7 38. Kg3 Nc4 39. b3 Ne3 0-1